Challenges of the Knowledge Society (CKS) 2018 <The> International Conference, Bucharest, 11th - 12th May 2018

Salvato in:
Dettagli Bibliografici
Enti autori: Challenges of the Knowledge Society CKS 2018. International Conference, Nicolae Titulescu University, Complutense University of Madrid
Natura: Libro
Lingua:inglese
Pubblicazione: Bucharest Nicolae Titulescu 2018
Edizione:12th Edition
Soggetti:
Tags: Aggiungi Tag
Nessun Tag, puoi essere il primo ad aggiungerne!!

MARC

LEADER 00000nlm a2200000 4500
001 0248880
005 20240826114530.0
022 |a 2359-9227 
041 0 |a eng 
044 |a RO 
245 1 0 |a Challenges of the Knowledge Society (CKS) 2018  |b <The> International Conference, Bucharest, 11th - 12th May 2018 
250 |a 12th Edition 
264 1 |a Bucharest  |b Nicolae Titulescu  |c 2018 
300 |a online 1186 s. 
610 2 0 |a vývoj spoločenský 
610 2 0 |a spoločnosť vedomostná 
610 2 0 |a problémy spoločenské 
610 2 0 |a korupcia 
610 2 0 |a kriminalita 
610 2 0 |a pranie špinavých peňazí 
610 2 0 |a konflikt záujmov 
610 2 0 |a únik daňový 
610 2 0 |a legislatíva 
610 2 0 |a súdnictvo 
610 2 0 |a procesy sociálno-ekonomické 
610 2 0 |a vzťahy občianskoprávne 
610 2 0 |a vzťahy medzinárodné 
610 2 0 |a Rumunsko 
610 2 0 |a Európska únia 
110 2 |a Challenges of the Knowledge Society CKS 2018. International Conference 
710 2 |a Nicolae Titulescu University 
710 2 |a Complutense University of Madrid